Nová generace zabezpečení nákladu
Zabezpečenie nákladu proti krádeži. Výroba plastových a kovových plomb v Euroseal v Liberci. Certifikácia ISO 27001 - systém manažmentu bezpečnosti informácií. Moderné plomby s pridanou hodnotou. Elektronická plomba s veľkým potenciálom.
Salvato in:
| Autore principale: | |
|---|---|
| Natura: | Capitolo di libro |
| Lingua: | ceco |
| Soggetti: | |
| Tags: |
Nessun Tag, puoi essere il primo ad aggiungerne!!
|
MARC
| LEADER | 00000naa a2200000 4500 | ||
|---|---|---|---|
| 001 | 0209022 | ||
| 005 | 20231211081218.5 | ||
| 041 | 0 | |a cze | |
| 044 | |a CZ | ||
| 245 | 1 | 0 | |a Nová generace zabezpečení nákladu |c Vojtěch Kolář |
| 520 | |a Zabezpečenie nákladu proti krádeži. Výroba plastových a kovových plomb v Euroseal v Liberci. Certifikácia ISO 27001 - systém manažmentu bezpečnosti informácií. Moderné plomby s pridanou hodnotou. Elektronická plomba s veľkým potenciálom. | ||
| 610 | 2 | 0 | |a doprava nákladná |
| 610 | 2 | 0 | |a preprava |
| 610 | 2 | 0 | |a tovar |
| 610 | 2 | 0 | |a bezpečnosť |
| 610 | 2 | 0 | |a certifikácia |
| 610 | 2 | 0 | |a výroba |
| 610 | 2 | 0 | |a výrobcovia |
| 610 | 2 | 0 | |a firmy |
| 610 | 2 | 0 | |a technológie nové |
| 610 | 2 | 0 | |a Česko |
| 100 | 1 | |a Kolář, Vojtěch | |